00728pam a2200229 a 4500001000800000005001700008008004100025010001700066020003200083040001800115041000800133080001900141082002300160100000700183101000800190245004200198504006600240906004500306942001200351999001700363952011800380439751520180228050508.0921028s1993 mdua b 001 0 eng  a 92040513  a0801845920 (acidfree paper) aDLCcDLCdDLC aeng a616.85/27 mar00a616.85/27 mar2201 a19 apsi10aDepression :cFrancis Mark Mondimore. aIncludes bibliographical references (p. [229]-230) and index. a7bcbccorignewd1eocipf19gy-gencatlg 2ddccBK c43693d43693 00102udc40708PËKGa002b002cPËKGd2018-02-28l0o616.85/27 marp002-3000190r2018-02-28w2018-02-28yBK